Antonii Perezii J.C. S.C. & R. Majest. Consiliarii, in Academia Lovaniensi juris civilis antecessoris, institutiones imperiales erotematibus, distinctae, atque ex ipsis principiis regulisque juris, passim insertis, explicatae. (Record no. 8741)

MARC details
000 -CABECERA
campo de control de longitud fija 01073nam a2200277 a 4500
001 - NÚMERO DE CONTROL
campo de control BRCA_9091
003 - IDENTIFICADOR DEL NÚMERO DE CONTROL
campo de control FranzMayer
005 - FECHA Y HORA DE LA ÚLTIMA TRANSACCIÓN
campo de control 20230726111028.0
008 - DATOS DE LONGITUD FIJA--INFORMACIÓN GENERAL
campo de control de longitud fija 021017s1776----sp-#######---#000-0#lat-#
040 ## - FUENTE DE LA CATALOGACIÓN
Centro catalogador/agencia de origen MFM
Lengua de catalogación esp
Centro/agencia transcriptor MFM
041 ## - CÓDIGO DE LENGUA
Código de lengua del texto/banda sonora o título independiente lat
044 ## - CÓDIGO DEL PAÍS DE LA ENTIDAD EDITORA/PRODUCTORA
Código MARC del país sp
050 #4 - SIGNATURA TOPOGRÁFICA DE LA BIBLIOTECA DEL CONGRESO
Número de clasificación DCON4
Número de documento/Ítem P47 1776
082 ## - NÚMERO DE LA CLASIFICACIÓN DECIMAL DEWEY
Número de edición KJA2012
100 1# - ENTRADA PRINCIPAL--NOMBRE DE PERSONA
Nombre de persona Perezii J. C., Antonii
9 (RLIN) 22467
245 10 - MENCIÓN DE TÍTULO
Título Antonii Perezii J.C. S.C. & R. Majest. Consiliarii, in Academia Lovaniensi juris civilis antecessoris, institutiones imperiales erotematibus, distinctae, atque ex ipsis principiis regulisque juris, passim insertis, explicatae.
260 ## - PUBLICACIÓN, DISTRIBUCIÓN, ETC.
Lugar de publicación, distribución, etc. Matriti
Nombre del editor, distribuidor, etc. Apud Michaëlem Escribano
Fecha de publicación, distribución, etc. 1776
300 ## - DESCRIPCIÓN FÍSICA
Extensión 618 p.
Dimensiones 16.3 x 10.5 cm.
500 ## - NOTA GENERAL
Nota general En portada : Post varias editiones externas denuó revisa et ä mendis purgata ad Exemplar originalis Lovaniensis
500 ## - NOTA GENERAL
Nota general Estado físico : presenta encuadernación en pergamino con cintas rotas
500 ## - NOTA GENERAL
Nota general Superiorum permissu
500 ## - NOTA GENERAL
Nota general Número de control : 00006
650 14 - PUNTO DE ACCESO ADICIONAL DE MATERIA--TÉRMINO DE MATERIA
Término de materia o nombre geográfico como elemento de entrada Iglesia católica
9 (RLIN) 15525
902 ## - CATALOGADOR
Iniciales DCON
942 ## - ELEMENTOS DE PUNTO DE ACCESO ADICIONAL (KOHA)
Fuente del sistema de clasificación o colocación Library of Congress Classification
Tipo de ítem Koha Libros
Holdings
Estado de retiro Estado de pérdida Fuente del sistema de clasificación o colocación Estado dañado No para préstamo Código de colección Localización permanente Ubicación/localización actual Fecha de adquisición Fuente de adquisición Total de préstamos Signatura topográfica completa Código de barras Fecha visto por última vez Precio válido a partir de Tipo de ítem Koha
El ejemplar forma parte de la colección y puede ser consultado según las políticas vigentes.   Library of Congress Classification     Conventual Franz Mayer Biblioteca del Museo Franz Mayer (Rogerio Casas-Alatriste) Biblioteca del Museo Franz Mayer (Rogerio Casas-Alatriste) 02/10/2017 Donación   DCON4 P47 1776 DCON00004 22/03/2019 22/03/2019 Libros